00791nam a2200205 i 450000100060000000300090000600500170001500700030003200800410003510000310007624501760010725000160028326000420029930000220034160000270036374000370039085200210042799900170044895201200046587952ES-MaACL20230906175755.0t|041229s1907 fr ||||1| fre d1 aRavaisson, Félix.99557113aLa philosophie en France au XIX siècle b: 1867 : suivie du rapport aur le Prix Victor Cousin : (le scepticisme dans l'Antiquite) : 1884 / cpar Felix Ravaisson [seud.]. a5ème. ed. aParis : bHachette, c1904 (fLahure) a330 p. ; c25 cm.04aCousin, Victor.9413063 aLe scepticisme dans l'Antiquite. aES-MaACLjF-9911 c87952d87952 00104070aATENEOMbATENEOMcSPP2d2008-01-17eSCl0oF-9911p1091876r2023-02-23 00:00:00w2023-02-23yMONOGRAFIA